Quizzes
Events
Quiz Creation
Community
Videos
Private Events
Remove Ads
Sign In
Join for FREE
Feedback
Dark Mode
Quiz Categories
Sports
Geography
Music
Movies
Television
Just For Fun
Miscellaneous
History
Literature
Language
Science
Gaming
Entertainment
Religion
Holiday
For Kids
Quiz Lab
Recent
Popular Today
Quiz Kudos Today
Editor Picks
Curator Picks
Quizzes by...
Day
Popularity
Type
Ratings
Length
Year
Community
Subscriptions
Recent Discussions
Orange Saloon
Badges
Playlists
Quests
Create
Leaderboards
Showdown
Live 5
Trivia Bingo
Activity
Puzzle Library
Sporcle Events
Private Events
Virtual Trivia
Globe League
Become a Host
Pub Owners
SporcleCon
Opinionation
Our Games
Videos
Blog
Mobile Apps
Partnerships
Remove Ads and Go Orange
Feedback
Sports
Athletes
MLB
NBA
NHL
NFL
Soccer
Sports Teams
WWE
NCAA
Football
Premier League
Basketball
Baseball
Hockey
Golf
Tennis
Cricket
Rugby
Auto Racing
Olympics
World Cup
Sports
Athletes
MLB
NBA
NHL
NFL
Soccer
Sports Teams
WWE
NCAA
Football
Premier League
Basketball
Baseball
Hockey
Golf
Tennis
Cricket
Rugby
Auto Racing
Olympics
World Cup
Random Quiz
Search Sporcle
×
Quiz Lab
Quiz Lab
Sports
Body
Type in answers that appear in a list
Type in answers that appear in a list
Classic
Best Score? Go Orange.
Sport Governing Bodies Stats
Can you name the Sport by its Governing Body?
By
squidy03
15m
45 Questions
178 Plays
178 Plays
178 Plays
Comments
Comments
Give Quiz Kudos
Give Quiz Kudos
-
- Ratings
hide this ad
Forced Order
Answers have to be entered in order
Answers have to be entered in order
Replay
Link that replays current quiz
Next Quiz
Link to next quiz in quiz playlist
You Got
0%
They Got
Avg Score
29%
Avg Friend Score
Upgrade to see
Score Distribution
Jump to the score distribution portion of the page
Score
0/45
Timer
15:00
0
Plays Today
Governing Body
Sport
% Correct
FIFA
Football
92.1%
ICC
Cricket
71.9%
IAAF
Athletics
68%
FIBA
Basketball
66.9%
FINA
Aquatics
52.8%
WDF or PDC or BDO
Darts
51.7%
BWF
Badminton
44.9%
ITF
Tennis
43.8%
IBAF
Baseball
43.3%
IFAF
American Football
41%
IGF
Golf
38.8%
FIH
Field Hockey
37.6%
UCI or ICU
Cycling
34.8%
IIHF
Ice Hockey
34.8%
FIVB
Volleyball
34.3%
ITTF
Table Tennis
32%
FEI
Equestrianism
32%
FIE
Fencing
28.1%
IWF
Weightlifting
28.1%
FIG or IFG
Gymnastics
27.5%
FITA
Archery
27.5%
WCF
Curling
26.4%
IRB
Rugby Union
26.4%
Governing Body
Sport
% Correct
IHF
Handball
23%
WPA
Pool
23%
FIP
Polo
21.9%
WB
Bowls
21.3%
IFNA
Netball
21.3%
FIS
Skiing
20.2%
ISU
Ice Skating
18.5%
WSF
Squash
18.5%
ISAF
Sailing
18%
IBU
Biathlon
18%
FILA
Wrestling
15.7%
ISSF
Shooting
15.2%
FIBT
Bobsleigh
15.2%
IBSF
Snooker
14.6%
ICF
Canoeing
14%
WFDF
Flying Disc
12.9%
FISA
Rowing
12.4%
CIPS
Fishing
10.1%
NGRC or AGTOA
Greyhound Racing
10.1%
IRB
Horse Racing
7.3%
IWSF
Water Skiing
6.7%
FIQ
Ten Pin Bowling
4.5%
Quiz Playlist
Details
Report
Send in Message
Add To Playlist
Classic:
Type in answers that appear in a list
Forced Order:
Answers have to be entered in order
Last Updated: Feb 16, 2017
Quiz Scoreboard
CHALLENGE
Sign Up to Join the Scoreboard
Show All
Scores
Hide
Comments
May contain spoilers
Recently Published
Billboard Blitz: Fleetwood Mac
by CooCooCachoo
Music
15s
Presidents Visiting Landmarks
by Hejman
History
7m
An Introduction to Baseball
by treessimontrees
Sports
5m
More to Explore
Quiz From the Vault
Featured Blog Post
Where Did the Easter Bunny Come From?
hide this ad
You Might Also Like...
Tags
Body
Governing
Today's Top Quizzes in Sports
Browse Sports
hide this ad
Today's Top Quizzes in Body
Browse Body
Top Contributed Quizzes in Sports
1
Les meilleurs buteurs des matchs entre le PSG et l’OM
2
2022 World Cup Stars
3
FIFA Club World Cup Champions
4
Les entraîneurs de l'OM et du PSG au 21e siècle
5
Criteria MLB: Left Handed Sluggers
6
AFC Teams Reveal (Wrong Answers Minefield)
7
5-to-1: UK Sports Teams
8
Name the Premier League winners with different clubs
9
5-to-1: FBS Animal Nicknames
10
Players with Multiple 50 Home Run Seasons
Explore More
Trending Topics
Kpop
NBA
Crossword
Disney
Harry Potter
Marvel
Anime
Puzzle
Pokémon
WWE
Song
NFL
Country
Soccer
The Office
hide this ad
More By:
squidy03
Quiz
Plays
Rating
Category
Featured
Created
Nations in the Premier League
4,309
4.32
Sports
Feb 16, 2011
World Darts Champion
2,112
4.80
Sports
Mar 24, 2010
National Animals
1,410
3.75
Geography
Sep 17, 2010
Most Watched Sports
1,186
2.53
Sports
Mar 25, 2010
Fifa Soccer Champions
931
4.46
Sports
Nov 3, 2010
Go to Creator's Profile
Score Distribution
Quiz Creator Spotlight
squidy03
Follow
Send a Message
Quizzes Created
-
Created Quiz Play Count
-
More By This Creator
Popular Quizzes Today
1
Find the US States - No Outlines Minefield
2
Find the Countries of Europe - No Outlines Minefield
3
The Countries of the World
4
Find the US States
5
Risky Map Clicking: Biggest States A-Z
6
US States
7
Popular People in 1961
8
Movies - When Are They Set?
More Sports Quizzes
Josh McCown Teams
Published
Trending Quizzes
Risky Map Clicking: Least Populous States A-Z
1-10 Letter G Words
1-10 Letter F Words
Risky Map Clicking: Next State Alphabetically
Risky Map Clicking: Biggest States A-Z
Recently Updated
Leaping Animals
pecheneg
Reality TV Shows (A-Z)
bhenderson79
Rickey Henderson's Hall of Fame Teammates
pecheneg
Champions League XIs: Arsenal
pecheneg
Quick Pick: Celebrities in WWE's Hall of Fame
aduchscher
A-Z Keypad Blitz II
pecheneg
Multiple Oscar Actors
pecheneg
Mystery Phrase Blitz: Oscar 'Best Actors'
pecheneg
F. Scott Fitzgerald Novels
LTH
Pick 3 Villains
ddd62291
Trending Topics
Marvel
Disney
Harry Potter
Crossword
NBA
Anime
Kpop
Song
Pokémon
Soccer
NFL
WWE
Puzzle
Country
The Office
Your Account Isn't Verified!
In order to create a playlist on Sporcle, you need to verify the email address you used during registration. Go to your
Sporcle Settings
to finish the process.
Report this User
Report this user for behavior that violates our
Community Guidelines
.
Details:
Send Report
Go to the Sporcle.com Mobile Site →
Comments